000
00230nam a22000857a 4500
008
160630b xxu||||| |||| 00| 0 eng d
100
_9
1532
_a
Sharma, O.P
245
_a
Basketball Skills & Rules
260
_a
New Delhi
_b
Khel Sahitya
_c
2005
999
_c
1264
_d
1264